000 01801nam0a2200337 4500
001 RU\NLR\BIBL_A\011348859
005 20260503054529.0
010 _a978-5-7509-1277-3
_9100
021 _aRU
_b2017-11498
_9844
035 _a(NLR Aleph) 011348859
090 _a11233847
_c11233847
100 _a20170320d2010 |||y0rusy50 ca
101 0 _arus
102 _aRU
105 _aah||z|||010zy
200 1 _aСоциально-экономические проблемы развития экономики России
_eматериалы межвузовской научно-практической студенческой конференции
_f[редакционная коллегия: С.В. Жуков и др.]
210 _aАзов
_aРостов-на-Дону
_cРостиздат
_d2010
215 _a99 с.
_cил., факс.
_d20
300 _aВ надзаг.: Дон. гос. техн. ун-т, Азов. технол. ин-т (фил.) ДГТУ
300 _aНа тит. л.: 10 лет АТИ ДГТУ
300 _aНа обл.: АТИ ДГТУ 10 лет
320 _aБиблиогр. в конце ст.
607 _aРоссийская Федерация
_jСъезды, совещания и т.п
_xСоциально-экономическое развитие
_92073290
_3RU\NLR\AUTH\661248179
686 1 _aУ03(2Р)74я431
702 1 _4340
_aЖуков
_bС. В.
_cканд. экон. наук, образование
_gСергей Васильевич
_9129055
_3RU\NLR\AUTH\770129086
712 0 2 _4570
_aАзовский технологический институт
_9695625
_3RU\NLR\AUTH\8810097256
942 _cBOOK
980 _aNB